000 01613cam a22004097a 4500
003 CHAP
005 20220329142744.0
008 030606s2003 mx r 00010 spa d
010 _a87318
011 _a88290
035 _a98835
040 _cCHAP
090 _aTesis
100 0 0 _aAyala Arreola, Claudia Benita.
_98913
245 1 0 _aPlan de manejo para venado cola blanca (Odocoileus virginianus) y guajolote silvestre (Meleagris gallopavo), en la UMA Los Romeros, Santiago Tulantepec, Hidalgo
_c/por Claudia Benita Ayala Arreola y Josefina Quintero Elisea
260 _aChapingo, Méx. :
_bEl autor,
_c2003.
300 _a87 h. :
_bilus.
502 _aTesis (Ing. en Planeación y Manejo de los Recursos Naturales Renovables) -- UACH. Departamento de Suelos
530 _aTambién disponible en línea
590 _aALEPH
_b10
_c20130110
_lUCH01
_h1454
590 _aBATCH-UPD
_b10
_c20130110
_lUCH01
_h0740
590 _aBATCH-UPD
_b10
_c20130111
_lUCH01
_h0001
590 _aBATCH-UPD
_b10
_c20140324
_lUCH01
_h1438
590 _aBATCH-UPD
_b10
_c20141002
_lUCH01
_h0818
590 _aBATCH
_b00
_c20181121
_lUCH01
_h0758
590 _aCONVERSION
_b10
_c20130109
_lUCH01
_h1348
650 1 4 _aOdocoileus virginianus.
_982732
650 1 4 _aPavos.
_986300
700 0 _aQuintero Elisea, Josefina.
_993415
856 _3Finding aid
_uhttp://10.13.5.2/tesis/98835.pdf
_zTeclea aqui
856 _a1
_n0000652
901 _aBK
905 _aAlejandra Carrasco M.
942 _cFOLL
949 _aTesis
_bBC
_cTES
_d33724000895025
_eTS2
_fc.2
_h41012
_i98835
_si
949 _aTesis
_bBC
_cTES
_d988351
_eTS1
_h41011
_i98835
_sb
999 _c87318
_d87318